[Event "IMSA Blitz Men 2019"]
[Site "Hengshui"]
[Date "2019.05.18"]
[Round "8.1"]
[White "Wang, Hao"]
[Black "Andreikin, Dmitry"]
[Result "0-1"]
[WhiteElo "2735"]
[BlackElo "2722"]
[Annotator "TA"]
[PlyCount "58"]
[EventDate "2019.05.17"]
[EventType "blitz"]
[EventCountry "CHN"]
[SourceTitle "playchess.com"]
[Source "ChessBase"]
[SourceQuality "1"]

{[%evp 13,58,10,14,0,12,0,5,4,12,19,49,20,37,29,25,14,78,70,90,85,128,34,27,31,47,40,42,29,21,-243,-243,-434,-425,-434,-435,-426,-433,-424,-401,-427,-427,-489,-485,-486,-477,-571,-564]} 1. e4 e5 2. Nf3 Nc6 3. Bc4 Bc5 4. c3 Nf6 5. d3 O-O 6. O-O d6 7. a4 a5 8. Nbd2 {C54: Giuoco Piano: 4 c3 Nf6, main lines with 5 d4 and 5 d3} (8. Bg5 h6 9. Bh4 g5 10. Bg3 Kg7 11. Nbd2 Ba7 12. Re1 Nh7 13. Nf1 h5 14. h3 h4 15. Bh2 g4 16. hxg4 Bxg4 {0-1 (76) Mamedov,R (2701)-Azarov,S (2585) Skopje 2019}) 8... Ba7 9. h3 Ne7 10. Re1 {The position is equal.} Ng6 11. Nf1 Re8 $146 ({Predecessor:} 11... c6 12. Be3 h6 13. Ba2 Re8 14. Bxa7 Rxa7 {½-½ (27) Aydin,H (1915)-Ozen,B (2349) Antalya 2019}) 12. Ng3 Be6 13. Bxe6 Rxe6 14. Qb3 Nd7 (14... d5 $11) 15. d4 $16 ({Much worse is} 15. Qxb7 Nc5 $11) 15... h6 16. Qxb7 Rf6 17. Qb3 (17. Nf5 $16) 17... Rxf3 $1 $14 18. gxf3 {Nf5 is the strong threat.} Nh4 {[%cal Bg6h4,Bh4f3,Bf3e1,Be1d3][%mdl 32]} 19. Qd1 Qf6 20. f4 exf4 21. Nf5 $2 {[%mdl 8192] [#]} (21. Rf1 $1 $11) 21... Qg5+ $1 $19 ({Not} 21... Qg6+ 22. Qg4 $14) 22. Qg4 $2 (22. Ng3 Ne5 23. Kf1) 22... Nf3+ $1 {[%mdl 64] Double Attack} 23. Kh1 Nxe1 24. Bxf4 Qxg4 25. hxg4 Nd3 $1 {[%csl LRb2,LRf2,LRf4][%mdl 64] [#] Double Attack} 26. Be3 {White hopes to continue with b3.} Nxb2 {Black is clearly winning.} 27. Ne7+ Kf8 28. Nc6 Bb6 29. f3 Nb8 {Accuracy: White = 25%, Black = 57%.} 0-1

[Event "IMSA Blitz Men 2019"]
[Site "Hengshui"]
[Date "2019.05.18"]
[Round "8.1"]
[White "Bu, Xiangzhi"]
[Black "Leko, Peter"]
[Result "1/2-1/2"]
[WhiteElo "2729"]
[BlackElo "2674"]
[Annotator "TA"]
[PlyCount "69"]
[EventDate "2019.05.17"]
[EventType "blitz"]
[EventCountry "CHN"]
[SourceTitle "playchess.com"]
[Source "ChessBase"]
[SourceQuality "1"]

{[%evp 20,69,5,9,9,6,7,17,25,0,0,0,9,11,12,8,8,14,12,6,9,7,14,13,18,0,0,0,10,0,11,11,11,13,13,0,0,0,0,0,0,0,0,0,8,0,0,0,8,0,0,0]} 1. Nf3 $146 ({Predecessor:} 1. d4 Nf6 2. c4 e6 3. Nc3 d5 4. cxd5 Nxd5 5. e4 Nxc3 6. bxc3 c5 {½-½ (47) Gelfand,B (2724)-Kramnik,V (2811) Zuerich 2017}) 1... Nf6 2. c4 e6 3. Nc3 d5 4. d4 c5 5. cxd5 Nxd5 6. e4 Nxc3 7. bxc3 cxd4 8. cxd4 Bb4+ 9. Bd2 Bxd2+ 10. Qxd2 O-O 11. Rc1 b6 {D41: Queen's Gambit Declined: Semi-Tarrasch with 5 cxd5} 12. Bd3 Bb7 13. O-O Nd7 14. Qf4 h6 {The position is equal.} 15. h4 Rc8 16. Rxc8 Qxc8 17. Rc1 Qb8 18. Qxb8 Rxb8 19. Rc7 Nf6 20. Ne5 {[#] f3 is the strong threat.} Bxe4 21. Bxe4 Nxe4 22. Rxa7 $11 {[%mdl 4096] Endgame KRN-KRN} Rd8 23. f3 Nc3 24. h5 f6 25. Nc6 Re8 $1 26. Kf2 Nd5 27. Kg3 Kf8 {[#] Hoping for ...Rc8.} 28. Rb7 Rc8 29. Nb8 Rc2 30. Nd7+ Kg8 31. Nxb6 Ne3 (31... Rb2 $5 32. Rb8+ $8 Kf7 33. Rb7+ Kg8 34. Rb8+ Kf7 35. Rb7+ Kg8 $11) 32. Rb8+ Kf7 33. Rb7+ Kg8 34. Rb8+ Kf7 35. Rb7+ {Accuracy: White = 39%, Black = 75%.} 1/2-1/2

[Event "IMSA Blitz Men 2019"]
[Site "Hengshui"]
[Date "2019.05.18"]
[Round "8.1"]
[White "Le, Quang Liem"]
[Black "Yu, Yangyi"]
[Result "1/2-1/2"]
[WhiteElo "2704"]
[BlackElo "2739"]
[Annotator "TA"]
[PlyCount "184"]
[EventDate "2019.05.17"]
[EventType "blitz"]
[EventCountry "CHN"]
[SourceTitle "playchess.com"]
[Source "ChessBase"]
[SourceQuality "1"]

{[%evp 9,184,21,20,13,37,-12,25,-21,-26,-24,-22,-27,-14,-18,0,0,0,-8,0,-14,-27,-43,-39,-39,-37,-52,-54,-45,-50,-72,-21,-34,-24,-81,-72,-152,-135,-133,-100,-80,-31,-123,-100,-112,-61,-17,-8,-10,-8,-6,0,0,0,-83,-11,-152,-152,-145,-150,-144,-38,-37,-8,-12,-8,-19,-8,-8,-8,-8,-8,-8,-8,-8,0,0,0,0,0,-10,-10,-8,-8,-8,-9,-9,-8,-8,-8,-8,0,-8,0,-8,-8,-8,-8,-8,-8,-8,-8,-8,-8,-8,-8,-8,0,0,0,0,0,0,0,0,0,0,0,0,0,0,0,0,0,0,0,0,0,0,0,0,0,0,0,0,0,0,0,0,0,0,0,0,0,0,0,0,0,0,0,0,0,0,0,0,0,0,0,0,0,0,0,0,0,0,0,0,0,0,0,0,0,-8,-8,-8,-8,-8,-8]} 1. e4 e5 2. Bc4 Nf6 3. d3 c6 4. Nf3 d5 5. Bb3 a5 {Hoping for ...a4.} 6. a4 {C24: Bishop's Opening: 2...Nf6} ({Don't blunder} 6. Nxe5 $2 a4 $19) 6... Bd6 (6... Bb4+ 7. c3 Bd6 8. Bg5 dxe4 9. dxe4 h6 10. Bh4 O-O 11. O-O Na6 12. Nbd2 Qe7 13. Nc4 Bc7 {½-½ (30) Karjakin,S (2760)-Wei,Y (2739) Medias 2017}) 7. O-O O-O 8. Re1 $146 {White has an edge.} ({Predecessor:} 8. Bg5 dxe4 9. dxe4 h6 10. Bh4 Qe7 11. Nbd2 Nbd7 12. Nc4 Bc7 13. c3 g5 {0-1 (95) Jonkman,H (2421)-Reinderman,D (2525) Hoogeveen 1999}) 8... dxe4 9. dxe4 Na6 10. c3 Nc5 11. Bc2 h6 12. Na3 Be6 13. h3 Qe7 14. Nd2 Bc7 15. Qf3 Rfd8 16. Ndc4 {[#]} b5 $1 {[%mdl 512]} 17. axb5 cxb5 18. Ne3 b4 19. Nac4 b3 (19... a4 $17) 20. Bb1 $11 a4 21. Nf5 Bxf5 22. exf5 (22. Qxf5 $142 Ne6 23. Qf3) 22... e4 $17 23. Qe2 Qd7 24. Be3 Qxf5 $40 {[%mdl 128] White must now prevent ...Nd3. White needs to defend precisely.} 25. Bxc5 (25. g4 $1 $15 Qd5 26. Bxc5 Qxc5 27. Bxe4) 25... Qxc5 26. Bxe4 Re8 (26... Nxe4 $17 27. Qxe4 Ra6) 27. Qf3 $15 Rad8 28. Bd3 Rxe1+ 29. Rxe1 Qd5 {Threatens to win with ...Qxf3.} 30. Qxd5 Nxd5 31. Bb1 (31. Be2 $11) 31... Kf8 (31... Nb6 $17 32. Nxb6 Bxb6) 32. g3 (32. Kf1 $11 {keeps the balance.}) 32... Nb6 $17 33. Nxb6 Bxb6 {[%mdl 4096] Endgame KRB-KRB} 34. Kf1 {[#]} g6 ({Black should play} 34... Ba5 $1 $17 35. Be4 {[#]} a3 $1 {[%mdl 512]} 36. bxa3 b2) 35. Ke2 $15 Ke7 36. Bd3 {The position is equal.} Bc5 37. Rd1 Kf6 38. Bb5 Ra8 39. Rd5 a3 40. bxa3 Bxa3 41. Bd3 b2 42. Rb5 h5 43. Kd2 Rc8 44. Kc2 Bc5 45. Rxb2 Bxf2 46. g4 hxg4 47. hxg4 Kg5 48. Rb4 Be1 49. Rc4 Rd8 50. Re4 Bg3 51. Bc4 f6 52. Be6 Be5 53. Rc4 Rd6 54. Bc8 Rb6 55. Rc5 Kf4 56. Rc4+ Ke3 57. Bd7 Rd6 58. Be8 f5 59. gxf5 gxf5 60. Rc5 Kf4 61. Bc6 Rd8 62. Rc4+ Ke3 63. Rc5 Kf4 64. Rc4+ Kg5 65. Rc5 Kf4 66. Rc4+ Kg5 67. Rc5 Kf6 68. Bf3 Bf4 69. Bd5 Be3 70. Rc6+ Ke5 71. c4 Kd4 72. Re6 Rb8 73. Rd6 f4 74. Rd7 Rh8 75. Bf7+ Kc5 76. Rd5+ Kc6 77. Rf5 Kd6 78. Bd5 Kc5 79. Kd3 Kb4 80. Rf7 Rb8 81. Be4 Rd8+ 82. Bd5 Rb8 83. Rf6 Rb6 84. Rf8 Ra6 85. Ke4 Kc3 86. Rc8 Ra5 87. Kf3 Kd4 88. Rd8 Ra3 89. Bf7+ Kc5 90. Rd5+ Kxc4 91. Ra5+ Kb4 92. Rxa3 Kxa3 {Accuracy: White = 69%, Black = 52%.} 1/2-1/2

[Event "IMSA Blitz Men 2019"]
[Site "Hengshui"]
[Date "2019.05.18"]
[Round "8.1"]
[White "Jones, Gawain C B"]
[Black "Dominguez Perez, Leinier"]
[Result "0-1"]
[WhiteElo "2702"]
[BlackElo "2750"]
[Annotator "RC"]
[PlyCount "84"]
[EventDate "2019.05.17"]
[EventType "blitz"]
[EventCountry "CHN"]
[SourceTitle "playchess.com"]
[Source "ChessBase"]
[SourceQuality "1"]
[TimeControl "180+2"]

1. e4 {[%emt 0:00:01]} e5 {[%emt 0:00:00]} 2. d4 {[%emt 0:00:01]} exd4 {[%emt 0:00:00]} 3. Nf3 {[%emt 0:00:01]} Nc6 {[%emt 0:00:01]} 4. Bc4 {[%emt 0:00:01]} Bc5 {[%emt 0:00:02]} 5. c3 {[%emt 0:00:06]} Nf6 {[%emt 0:00:01]} 6. cxd4 {[%emt 0:00:06]} Bb4+ {[%emt 0:00:01]} 7. Bd2 {[%emt 0:00:00]} Nxe4 {[%emt 0:00:06]} 8. Bxb4 {[%emt 0:00:01]} Nxb4 {[%emt 0:00:01]} 9. Bxf7+ {[%emt 0:00:02]} Kxf7 {[%emt 0:00:01]} 10. Qb3+ {[%emt 0:00:01]} Kf8 {[%emt 0:00:01]} 11. Qxb4+ Qe7 12. Qxe7+ {[%emt 0:00:03]} Kxe7 {[%emt 0:00:02]} 13. O-O {[%emt 0:00:02]} Nf6 {[%emt 0:00:06]} 14. Nc3 {[%emt 0:00:07]} d6 {[%emt 0:00:32]} 15. Rfe1+ {[%emt 0:00:18]} Kd8 {[%emt 0:00:29]} 16. d5 {[%emt 0:00:01]} Bd7 {[%emt 0:00:15]} 17. Nd4 {[%emt 0:00:02]} Re8 {[%emt 0:00:10]} 18. f3 {[%emt 0:00:01]} c5 {[%emt 0:00:01]} 19. Ne6+ {[%emt 0:00:40]} Bxe6 {[%emt 0:00:01]} 20. dxe6 {[%emt 0:00:01]} Kc7 {[%emt 0:00:01]} 21. Rad1 {[%emt 0:00:06]} Kc6 {[%emt 0:00:00]} 22. g4 {[%emt 0:00:31]} g5 {[%emt 0:00:01]} 23. Kf2 {[%emt 0:00:12]} b5 {[%emt 0:00:05]} 24. e7 {[%emt 0:00:15]} b4 {[%emt 0:00:36]} 25. Re6 {[%emt 0:00:21]} bxc3 {[%emt 0:00:02]} 26. Rxf6 {[%emt 0:00:05]} cxb2 {[%emt 0:00:41]} 27. Rfxd6+ {[%emt 0:00:04]} Kc7 {[%emt 0:00:13]} 28. Rd7+ {[%emt 0:00:02]} Kc8 {[%emt 0:00:01]} 29. Rd8+ {[%emt 0:00:10]} Kc7 {[%emt 0:00:01]} 30. R1d7+ {[%emt 0:00:21]} Kc6 {[%emt 0:00:01]} 31. Rd6+ {[%emt 0:00:05]} Kc7 {[%emt 0:00:21]} 32. R6d7+ {[%emt 0:00:02]} Kc6 {[%emt 0:00:00]} 33. Rd6+ {[%emt 0:00:04]} Kb5 {[%emt 0:00:01]} 34. Rxa8 {[%emt 0:00:04]} b1=Q {[%emt 0:00:03]} 35. Rxe8 {[%emt 0:00:04]} Qb2+ {[%emt 0:00:01]} 36. Kf1 {[%emt 0:00:04]} Qc1+ {[%emt 0:00:09]} 37. Kf2 {[%emt 0:00:02]} Qb2+ {[%emt 0:00:01]} 38. Ke1 {[%emt 0:00:03]} Qe5+ {[%emt 0:00:01]} 39. Kf2 {[%emt 0:00:04]} Qxd6 {[%emt 0:00:01]} 40. Kg2 {[%emt 0:00:03]} Ka6 {[%emt 0:00:05]} 41. h4 {[%emt 0:00:02]} gxh4 {[%emt 0:00:02]} 42. f4 {[%emt 0:00:01]} Qc6+ {[%emt 0:00:02]} 0-1

[Event "IMSA Blitz Men 2019"]
[Site "Hengshui"]
[Date "2019.05.18"]
[Round "8.1"]
[White "Korobov, Anton"]
[Black "Vidit, Santosh Gujrathi"]
[Result "1-0"]
[WhiteElo "2687"]
[BlackElo "2707"]
[Annotator "TA"]
[PlyCount "63"]
[EventDate "2019.05.17"]
[EventType "blitz"]
[EventCountry "CHN"]
[SourceTitle "playchess.com"]
[Source "ChessBase"]
[SourceQuality "1"]

{[%evp 21,63,0,0,-3,0,6,3,0,0,0,0,0,31,-18,-15,-12,-10,-20,11,0,72,15,21,31,22,36,53,11,110,77,104,102,85,9,9,8,154,17,70,68,61,-14,29994,29995]} 1. d4 Nf6 2. c4 e6 3. Nc3 Bb4 4. e3 O-O 5. Bd3 d5 6. a3 Bxc3+ 7. bxc3 dxc4 8. Bxc4 c5 9. Nf3 Qc7 10. Ba2 b6 11. O-O Bb7 12. Ne5 {E54: Nimzo-Indian: Rubinstein: Main Line: 7...dxc4 8 Bxc4} (12. Nd2 Nbd7 13. Bb2 Rad8 14. Re1 Ne4 15. Nxe4 Bxe4 16. c4 cxd4 17. exd4 Bg6 18. Qe2 Nf6 19. d5 exd5 20. Bxf6 gxf6 21. cxd5 {0-1 (47) Tkachiev,V (2637)-Wojtaszek,R (2711) Warsaw 2013}) 12... Nbd7 13. Nxd7 Qxd7 14. f3 {The position is equal.} Rfd8 15. Bb2 Rac8 16. Rc1 $146 ({Predecessor:} 16. e4 Ne8 17. Rc1 Nd6 18. Rf2 Ba6 19. c4 cxd4 20. Qxd4 {½-½ (35) Levitt,J (2465)-Petursson,M (2555) Hafnarfirdi 1992}) 16... Bd5 17. Bb1 (17. c4 $5 {[%cal Rc4d5]} Bb7 18. Bb1 $11) 17... Bc4 18. Re1 Qb5 19. Qd2 e5 20. Qf2 Qe8 (20... Nd7 $11 {remains equal.}) 21. e4 ({White should play} 21. Qh4 $16 {aiming for dxe5.} b5 {[#]} 22. a4 $1 {[%mdl 512]}) 21... cxd4 22. cxd4 exd4 23. Bxd4 Qe7 24. e5 Nd5 (24... Ne8 $11) 25. f4 (25. Bf5 {looks sharper.} Rc7 26. e6 f6 27. Qh4 g6 28. Be4) 25... Ba6 26. Rxc8 Rxc8 27. e6 $40 {[%mdl 128] White is up to no good.} ({White should try} 27. Bf5 $16) 27... fxe6 $11 28. f5 Qg5 (28... e5 $11) 29. h4 (29. fxe6 $16 Qe7 30. Qg3 {[%mdl 64] Decoy}) 29... Qg4 ({Better is} 29... Qf4 $11) 30. fxe6 $14 {Black must now prevent e7.} Rf8 31. e7 (31. Bxh7+ $1 $14 Kxh7 32. Qxf8 Qxd4+ 33. Qf2 Qxf2+ 34. Kxf2) 31... Nxe7 $2 {[%mdl 8192] [#]} (31... Rxf2 $11 32. e8=Q+ Rf8) 32. Ba2+ {Accuracy: White = 44%, Black = 27%.} 1-0

[Event "IMSA Blitz Men 2019"]
[Site "Hengshui"]
[Date "2019.05.18"]
[Round "8.1"]
[White "Gelfand, Boris"]
[Black "Rapport, Richard"]
[Result "1/2-1/2"]
[WhiteElo "2676"]
[BlackElo "2736"]
[Annotator "TA"]
[PlyCount "79"]
[EventDate "2019.05.17"]
[EventType "blitz"]
[EventCountry "CHN"]
[SourceTitle "playchess.com"]
[Source "ChessBase"]
[SourceQuality "1"]

{[%evp 9,79,35,50,19,18,14,39,34,54,34,45,37,65,58,56,60,77,5,29,35,28,0,18,28,29,21,18,17,57,-71,-78,-94,-72,-97,-67,-63,167,0,0,-47,0,0,6,0,0,0,0,0,0,0,50,0,0,0,15,8,12,4,8,6,8,0,0,0,0,0,0,0,0,0,0,0]} 1. d4 e6 2. c4 f5 3. g3 Nf6 4. Bg2 Be7 5. Nf3 d5 (5... O-O 6. O-O d6 7. Nc3 Ne4 8. Qc2 Nxc3 9. bxc3 Nc6 10. d5 Na5 11. dxe6 Bxe6 12. Nd4 Bxc4 13. Nxf5 Bf6 14. Ne3 Bf7 15. Be4 h6 16. Rb1 Kh8 17. c4 {½-½ (25) Ding,L (2777)-Kravtsiv,M (2665) Tbilisi 2017}) 6. Nbd2 {A92: Classical Dutch: Classical Stonewall (with ...Be7): Early deviations} Ne4 7. b3 $146 ({Predecessor:} 7. Qc2 Nd7 8. b3 Ndf6 9. Bb2 Nxd2 10. Nxd2 Ne4 11. O-O Nxd2 12. Qxd2 {1-0 (49) Constantinou,P (2016)-Abatzidis,S (2011) Larnaka 2010}) 7... Nc6 8. Bb2 {White is slightly better.} Bf6 9. e3 O-O 10. O-O Bd7 11. a3 a5 12. Qc2 Be8 13. Bc3 (13. Rac1 $16) 13... Bg6 14. Qb2 Qe7 15. Rac1 Kh8 16. cxd5 exd5 17. b4 axb4 18. axb4 b5 19. Nb3 (19. Ne5 $14 {keeps the upper hand.} Bxe5 20. dxe5) 19... Nxb4 $17 ({Much worse is} 19... Nxc3 $6 20. Qxc3 Nxb4 21. Qxc7 $11) 20. Nc5 Na2 {[%mdl 64] [#] Double Attack} 21. Bb4 Nxc1 22. Nxe4 $1 Qxe4 $2 (22... Nd3 $1 $15 {stays ahead.} 23. Bxe7 Nxb2 24. Nxf6 Rxf6) 23. Bxf8 $2 (23. Rxc1 $18 {Hoping for Ne5.} f4 24. Bxf8) 23... Nd3 $11 ({Don't blunder} 23... Rxf8 $2 24. Ne5 $18) 24. Qd2 Qe8 ({Don't go for} 24... Rxf8 $2 25. Ne5 $18) (24... f4 $15 25. Ne5 Qf5) 25. Qxd3 f4 $1 $132 {[%mdl 2048] Black puts up resistance} 26. Qb3 {[#] And now Ba3 would win.} Qxf8 27. Qxd5 fxe3 28. fxe3 Re8 29. Ne5 Qd6 30. Qxb5 Bxe5 {The position is equal.} 31. dxe5 Qe7 32. Rc1 h6 33. Qc5 {White wants to play Bc6.} Qxe5 34. Qxe5 Rxe5 35. Rxc7 Rxe3 {KRB-KRB} 36. Rc1 Re8 37. Kf2 Rf8+ 38. Kg1 Re8 39. Kf2 Rf8+ 40. Kg1 {Accuracy: White = 30%, Black = 53%.} 1/2-1/2

[Event "IMSA Blitz Men 2019"]
[Site "Hengshui"]
[Date "2019.05.18"]
[Round "8.1"]
[White "Cheparinov, Ivan"]
[Black "Ponomariov, Ruslan"]
[Result "1-0"]
[WhiteElo "2667"]
[BlackElo "2675"]
[Annotator "RC"]
[PlyCount "91"]
[EventDate "2019.05.17"]
[EventType "blitz"]
[EventCountry "CHN"]
[SourceTitle "playchess.com"]
[Source "ChessBase"]
[SourceQuality "1"]
[TimeControl "180+2"]

1. d4 {[%emt 0:00:00]} Nf6 {[%emt 0:00:00]} 2. c4 {[%emt 0:00:00]} e6 {[%emt 0:00:00]} 3. Nf3 {[%emt 0:00:00]} d5 {[%emt 0:00:02]} 4. Nc3 {[%emt 0:00:01]} Be7 {[%emt 0:00:02]} 5. g3 {[%emt 0:00:01]} O-O {[%emt 0:00:05]} 6. Bg2 {[%emt 0:00:00]} Nbd7 {[%emt 0:00:05]} 7. Qd3 {[%emt 0:00:11]} c6 {[%emt 0:00:16]} 8. O-O {[%emt 0:00:09]} b6 {[%emt 0:00:00]} 9. b3 {[%emt 0:00:04]} a5 {[%emt 0:00:05]} 10. Bb2 Ba6 11. Rfd1 {[%emt 0:00:23]} Rc8 {[%emt 0:00:10]} 12. Rac1 {[%emt 0:00:04]} Qc7 {[%emt 0:00:21]} 13. e4 {[%emt 0:00:05]} Rfd8 {[%emt 0:00:04]} 14. exd5 {[%emt 0:00:13]} cxd5 {[%emt 0:00:04]} 15. Nb5 {[%emt 0:00:03]} Qb8 {[%emt 0:00:07]} 16. a4 {[%emt 0:00:12]} Bb7 {[%emt 0:00:04]} 17. Qe2 {[%emt 0:00:07]} Ne4 {[%emt 0:00:06]} 18. Rc2 {[%emt 0:00:07]} Nf8 {[%emt 0:00:33]} 19. Bc1 {[%emt 0:00:06]} Ng6 20. h4 {[%emt 0:00:03]} Nf6 {[%emt 0:00:08]} 21. Bb2 {[%emt 0:00:16]} Bf8 {[%emt 0:00:07]} 22. Re1 {[%emt 0:00:07]} Bc6 {[%emt 0:00:09]} 23. Rec1 {[%emt 0:00:02]} Qb7 {[%emt 0:00:12]} 24. Ne1 {[%emt 0:00:26]} dxc4 {[%emt 0:00:07]} 25. bxc4 {[%emt 0:00:03]} Bxg2 {[%emt 0:00:01]} 26. Nxg2 {[%emt 0:00:01]} h6 {[%emt 0:00:04]} 27. Ne1 {[%emt 0:00:09]} Ne8 {[%emt 0:00:17]} 28. Qf3 {[%emt 0:00:02]} Qd7 {[%emt 0:00:03]} 29. Nd3 {[%emt 0:00:07]} Nd6 {[%emt 0:00:03]} 30. h5 {[%emt 0:00:01]} Ne7 {[%emt 0:00:03]} 31. Ne5 {[%emt 0:00:02]} Qe8 {[%emt 0:00:00]} 32. g4 {[%emt 0:00:22]} Nc6 {[%emt 0:00:03]} 33. Nxc6 {[%emt 0:00:13]} Rxc6 {[%emt 0:00:03]} 34. c5 {[%emt 0:00:05]} bxc5 {[%emt 0:00:14]} 35. Nxd6 {[%emt 0:00:08]} Rcxd6 {[%emt 0:00:04]} 36. dxc5 {[%emt 0:00:01]} Rd3 {[%emt 0:00:01]} 37. Qe4 {[%emt 0:00:01]} Qe7 {[%emt 0:00:17]} 38. c6 {[%emt 0:00:03]} Qc7 {[%emt 0:00:02]} 39. Be5 {[%emt 0:00:02]} Qc8 {[%emt 0:00:08]} 40. c7 {[%emt 0:00:01]} R8d5 {[%emt 0:00:02]} 41. Rb2 {[%emt 0:00:03]} Bb4 {[%emt 0:00:03]} 42. Bg3 {[%emt 0:00:07]} R3d4 {[%emt 0:00:03]} 43. Qe2 {[%emt 0:00:02]} Rd2 {[%emt 0:00:04]} 44. Rxd2 {[%emt 0:00:01]} Rxd2 {[%emt 0:00:01]} 45. Qb5 {[%emt 0:00:02]} e5 {[%emt 0:00:04]} 46. Qb8 {[%emt 0:00:01]} 1-0

[Event "IMSA Blitz Men 2019"]
[Site "Hengshui"]
[Date "2019.05.18"]
[Round "8.1"]
[White "Mamedov, Rauf"]
[Black "Fedoseev, Vladimir"]
[Result "1-0"]
[WhiteElo "2650"]
[BlackElo "2683"]
[Annotator "RC"]
[PlyCount "92"]
[EventDate "2019.05.17"]
[EventType "blitz"]
[EventCountry "CHN"]
[SourceTitle "playchess.com"]
[Source "ChessBase"]
[SourceQuality "1"]
[TimeControl "180+2"]

1. e4 {[%emt 0:00:00]} c5 {[%emt 0:00:00]} 2. Nf3 {[%emt 0:00:00]} d6 {[%emt 0:00:00]} 3. Bb5+ {[%emt 0:00:00]} Nd7 {[%emt 0:00:01]} 4. c3 {[%emt 0:00:03]} Ngf6 {[%emt 0:00:04]} 5. Qe2 {[%emt 0:00:01]} a6 {[%emt 0:00:01]} 6. Ba4 {[%emt 0:00:01]} b5 {[%emt 0:00:01]} 7. Bc2 {[%emt 0:00:01]} Bb7 {[%emt 0:00:02]} 8. d4 {[%emt 0:00:02]} e5 {[%emt 0:00:00]} 9. O-O {[%emt 0:00:05]} Be7 {[%emt 0:00:01]} 10. Rd1 {[%emt 0:00:06]} Qb8 {[%emt 0:00:24]} 11. a4 {[%emt 0:00:14]} O-O {[%emt 0:00:10]} 12. d5 {[%emt 0:00:02]} c4 {[%emt 0:00:07]} 13. Nbd2 {[%emt 0:00:54]} Nc5 {[%emt 0:00:01]} 14. Nf1 {[%emt 0:00:01]} Bc8 {[%emt 0:00:22]} 15. Ng3 {[%emt 0:00:07]} Bd7 {[%emt 0:00:01]} 16. axb5 {[%emt 0:00:12]} axb5 {[%emt 0:00:05]} 17. Be3 {[%emt 0:00:01]} Rc8 {[%emt 0:00:12]} 18. h3 {[%emt 0:00:01]} Qc7 {[%emt 0:00:18]} 19. Qf1 {[%emt 0:00:08]} Nb3 {[%emt 0:00:25]} 20. Bxb3 {[%emt 0:00:08]} cxb3 {[%emt 0:00:01]} 21. Nd2 {[%emt 0:00:01]} Ra2 {[%emt 0:00:02]} 22. Rab1 {[%emt 0:00:12]} b4 {[%emt 0:00:04]} 23. Rdc1 {[%emt 0:00:08]} bxc3 {[%emt 0:00:35]} 24. Rxc3 {[%emt 0:00:02]} Qd8 {[%emt 0:00:01]} 25. Rxb3 {[%emt 0:00:07]} h5 {[%emt 0:00:04]} 26. Ne2 {[%emt 0:00:18]} Ba4 {[%emt 0:00:15]} 27. Rb7 {[%emt 0:00:10]} Bd7 {[%emt 0:00:14]} 28. Nc3 {[%emt 0:00:02]} Raa8 {[%emt 0:00:03]} 29. Nc4 {[%emt 0:00:09]} Rab8 {[%emt 0:00:01]} 30. Rxb8 {[%emt 0:00:08]} Rxb8 {[%emt 0:00:00]} 31. b4 {[%emt 0:00:13]} Qc7 {[%emt 0:00:01]} 32. b5 {[%emt 0:00:03]} Ra8 {[%emt 0:00:21]} 33. b6 {[%emt 0:00:02]} Qb7 {[%emt 0:00:01]} 34. Ra1 {[%emt 0:00:04]} Be8 {[%emt 0:00:04]} 35. Qb1 {[%emt 0:00:05]} Nd7 {[%emt 0:00:03]} 36. Rxa8 {[%emt 0:00:01]} Qxa8 {[%emt 0:00:01]} 37. b7 {[%emt 0:00:01]} Qb8 {[%emt 0:00:02]} 38. Na5 {[%emt 0:00:01]} Qc7 {[%emt 0:00:03]} 39. Nc6 {[%emt 0:00:01]} Bf8 {[%emt 0:00:02]} 40. b8=Q {[%emt 0:00:07]} Nxb8 {[%emt 0:00:01]} 41. Qxb8 {[%emt 0:00:01]} Qd7 {[%emt 0:00:01]} 42. Nb5 {[%emt 0:00:03]} f5 {[%emt 0:00:02]} 43. f3 {[%emt 0:00:06]} fxe4 {[%emt 0:00:01]} 44. fxe4 {[%emt 0:00:01]} Bg6 {[%emt 0:00:03]} 45. Nc3 {[%emt 0:00:03]} Qf7 {[%emt 0:00:04]} 46. Nd8 {[%emt 0:00:04]} Qf6 {[%emt 0:00:03]} 1-0

[Event "IMSA Blitz Men 2019"]
[Site "Hengshui"]
[Date "2019.05.18"]
[Round "8.2"]
[White "Dominguez Perez, Leinier"]
[Black "Jones, Gawain C B"]
[Result "1/2-1/2"]
[WhiteElo "2750"]
[BlackElo "2702"]
[Annotator "TA"]
[PlyCount "128"]
[EventDate "2019.05.17"]
[EventType "blitz"]
[EventCountry "CHN"]
[SourceTitle "playchess.com"]
[Source "ChessBase"]
[SourceQuality "1"]

{[%evp 12,128,19,21,17,5,28,0,0,0,16,0,28,29,39,29,33,38,60,43,93,89,155,147,120,146,209,177,181,179,150,116,102,19,16,8,12,12,16,13,13,0,0,0,24,22,33,33,33,33,33,33,33,36,50,29,29,0,15,8,35,0,0,0,18,5,100,106,169,162,166,160,169,169,165,165,378,375,379,369,327,261,297,74,79,32,40,8,8,1,1,2,8,8,8,8,8,8,41,41,41,8,41,41,41,41,63,63,63,41,41,41,41,41,41,41,41,41,41]} 1. e4 e5 2. Nf3 Nc6 3. Bc4 Bc5 4. c3 Nf6 5. d3 d6 6. Nbd2 a6 7. Bb3 O-O {C54: Giuoco Piano: 4 c3 Nf6, main lines with 5 d4 and 5 d3} (7... h6 8. Nf1 d5 9. exd5 Nxd5 10. Ng3 O-O 11. O-O Re8 12. Re1 Nf6 13. h3 Be6 14. Bc2 Bd5 15. Nh4 {½-½ (43) Duda,J (2739)-Mamedyarov,S (2820) Batumi 2018}) 8. Nf1 Be6 9. Bc2 Ba7 {The position is equal.} 10. Ng3 h6 11. O-O Ne7 12. h3 Ng6 13. d4 Qc8 14. Re1 Rd8 15. Bd2 $146 ({Predecessor:} 15. Be3 c5 16. d5 Bd7 17. Qd2 Kh7 18. c4 b5 19. b3 Rb8 20. Bd3 {½-½ (78) Rainfray,A (2374)-Sebag,M (2344) Hengelo 2002}) 15... c5 {[%cal Rc5d4]} 16. d5 Bxh3 (16... Bd7 $142) 17. gxh3 $16 Qxh3 {[#]} 18. c4 $1 Ng4 (18... Nf4 $16 19. Bxf4 exf4) 19. Nf5 Nf4 20. Bxf4 $1 exf4 21. N5h4 Ne5 {[#]} 22. Nxe5 (22. Bd3 $1 $16) 22... dxe5 $11 23. Qh5 {Bd1 is the strong threat.} g5 24. Qxh6 Qxh4 25. Qxh4 gxh4 26. Kg2 Rd6 27. Kh3 Kf8 28. Rg1 Rg6 29. Rxg6 fxg6 30. Kxh4 $14 {[%mdl 4096] Endgame KRB-KRB} Kf7 31. Kh3 Rh8+ 32. Kg2 g5 33. Bd1 Rh4 34. Ba4 g4 35. d6 Bb6 36. d7 Bd8 37. Rd1 Rh6 38. Rd5 b6 (38... Ke6 $11) 39. Rxe5 $16 Re6 (39... Bc7 $16 {keeps fighting.}) 40. Rf5+ $18 {[%mdl 64] Double Attack} Rf6 41. Rh5 {Threatens to win with Rh8.} Ke7 42. Rh7+ Rf7 43. Rh8 {And now Re8+ would win.} b5 $2 (43... Rf8 {might work better.} 44. Rh4 g3 {[%mdl 64] Decoy} 45. fxg3 fxg3 46. Kxg3 Bc7+ 47. Kg2 Rf6) 44. cxb5 axb5 45. Bxb5 {Black must now prevent Re8+.} Rf8 46. Rxf8 Kxf8 {KB-KB} 47. a4 $2 (47. Be2 $18 {and the rest is easy.}) 47... Ke7 $16 48. Bc4 Kxd7 49. Kf1 Kd6 50. Ke2 Ke5 51. Bd5 Kd4 52. Be6 g3 53. fxg3 fxg3 54. Kf3 g2 (54... c4 {is more complex.} 55. Kxg3 c3 56. bxc3+ Kxe4 57. c4 Bc7+) 55. Kxg2 Kxe4 56. b3 Kd4 (56... c4 $5) 57. Bc4 {White is slightly better.} Ke5 58. Kf3 Kd6 59. Ke4 Ba5 60. Kf5 Bb4 61. Kf6 Kc7 62. Ke6 Kb6 63. Kd7 Ka5 64. Kc6 Ba3 {Accuracy: White = 56%, Black = 48%.} 1/2-1/2